Aspects regarding the quality of life in Roumanian rural space

The quality of life, is today an area of interest for the specialists of economic and political sciences. The interest in this field is given by the importance that is given to the human factor within the society. Thus, the evolution of the main indicators characterizing the quality of life is an im...

Teljes leírás

Elmentve itt :
Bibliográfiai részletek
Szerzők: Hurmuzache Tabita
Iancu Tiberiu
Fehér Andrea
Raicov Miroslav
Dokumentumtípus: Cikk
Megjelent: 2014
Sorozat:Review on agriculture and rural development 3 No. 1
Kulcsszavak:Életszínvonal - Románia - regionális, Életminőség - Románia - regionális, Vidékfejlesztés - Románia - regionális
Tárgyszavak:
Online Access:http://acta.bibl.u-szeged.hu/55362
LEADER 02483nab a2200253 i 4500
001 acta55362
005 20240412154341.0
008 180618s2014 hu o 0|| eng d
022 |a 2063-4803 
040 |a SZTE Egyetemi Kiadványok Repozitórium  |b hun 
041 |a eng 
100 1 |a Hurmuzache Tabita 
245 1 0 |a Aspects regarding the quality of life in Roumanian rural space  |h [elektronikus dokumentum] /  |c  Hurmuzache Tabita 
260 |c 2014 
300 |a 350-355 
490 0 |a Review on agriculture and rural development  |v 3 No. 1 
520 3 |a The quality of life, is today an area of interest for the specialists of economic and political sciences. The interest in this field is given by the importance that is given to the human factor within the society. Thus, the evolution of the main indicators characterizing the quality of life is an important tool for monitoring the economic and social phenomena that occur within the society, providing an overview regarding the welfare of society. An important role in increasing the quality of life in rural area has the renovation and development of villages. In this respect a special attention should be paid to the modernization and expansion of basic rural infrastructure, resulting in the development of economic, social and cultural and even creating jobs, increasing employment degree of the population, thus increasing the revenue. Improved quality of life of Romanian inhabitants of the villages, determine, in equal measure, the economic development of rural areas. This, by the effects it produces causes increased income of the population, increased consumption of goods and services, resulting in a high satisfaction of demand, increase food security measures and therefore the quality of life. Development of entrepreneurship spirit of residents from rural area, increased accessibility degree to basic services and better capitalization of resources and traditional products are other measures which have as effect the improvement the standard of living of the rural population. 
650 4 |a Társadalomtudományok 
650 4 |a Társadalom- és gazdaságföldrajz 
695 |a Életszínvonal - Románia - regionális, Életminőség - Románia - regionális, Vidékfejlesztés - Románia - regionális 
700 0 1 |a Iancu Tiberiu  |e aut 
700 0 1 |a Fehér Andrea  |e aut 
700 0 1 |a Raicov Miroslav  |e aut 
856 4 0 |u http://acta.bibl.u-szeged.hu/55362/1/agricul_review_2014_001_suppl_350-355.pdf  |z Dokumentum-elérés